Quizzes
Events
Quiz Creation
Community
Videos
Private Events
Remove Ads
Sign In
Join for FREE
Feedback
Dark Mode
Quiz Categories
Sports
Geography
Music
Movies
Television
Just For Fun
Miscellaneous
History
Literature
Language
Science
Gaming
Entertainment
Religion
Holiday
For Kids
Quiz Lab
Recent
Popular Today
Quiz Kudos Today
Editor Picks
Curator Picks
Quizzes by...
Day
Popularity
Type
Ratings
Length
Year
Community
Subscriptions
Recent Discussions
Orange Saloon
Badges
Playlists
Quests
Create
Leaderboards
Showdown
Live 5
Trivia Bingo
Activity
Puzzle Library
Sporcle Events
Private Events
Virtual Trivia
Globe League
Become a Host
Pub Owners
SporcleCon
Opinionation
Our Games
Videos
Blog
Mobile Apps
Partnerships
Remove Ads and Go Orange
Feedback
Sports
Athletes
MLB
NBA
NHL
NFL
Soccer
Sports Teams
WWE
NCAA
Football
Premier League
Basketball
Baseball
Hockey
Golf
Tennis
Cricket
Rugby
Auto Racing
Olympics
World Cup
Sports
Athletes
MLB
NBA
NHL
NFL
Soccer
Sports Teams
WWE
NCAA
Football
Premier League
Basketball
Baseball
Hockey
Golf
Tennis
Cricket
Rugby
Auto Racing
Olympics
World Cup
Random Quiz
Search Sporcle
×
Quiz Lab
Quiz Lab
Sports
Country
Type in answers that appear in a list
Type in answers that appear in a list
Classic
Best Score? Go Orange.
Top World Cup Goal Scorers by Country Stats
Can you name the all time top goal scorers for each country at the World Cup?
By
efrisbee
10m
74 Questions
127 Plays
127 Plays
127 Plays
Comments
Comments
Give Quiz Kudos
Give Quiz Kudos
-
- Ratings
hide this ad
Replay
Link that replays current quiz
Next Quiz
Link to next quiz in quiz playlist
You Got
0%
They Got
Avg Score
25%
Avg Friend Score
Upgrade to see
Score Distribution
Jump to the score distribution portion of the page
Score
0/74
Timer
10:00
0
Plays Today
Country
Player
% Correct
Germany/
West Germany
Miroslav Klose/Gerd Muller
89.8%
Brazil
Ronaldo
89%
Cote d'Ivoire
Aruna Dindane/Didier Drogba
70.9%
Italy
Roberto Baggio/Paolo Rossi/Christian Vieri
68.5%
Republic of Ireland
Robbie Keane
63.8%
Argentina
Gabriel Batistuta
63%
England
Gary Lineker
63%
Portugal
Eusebio
63%
Spain
David Villa
63%
Chile
Leonel Sanchez/Marcelo Salas/Guillermo Subiabre
62.2%
Croatia
Davor Suker
61.4%
France
Just Fontaine
56.7%
Korea Republic (South Korea)
Ahn Jung-Hwan/Park Ji-Sung
55.9%
Ukraine
Andriy Shevchenko
55.1%
Sweden
Kennet Andersson/Henrik Larsson
52.8%
Australia
Tim Cahill
52%
Cameroon
Roger Milla
52%
Bulgaria
Hristo Stoichkov
50.4%
Ghana
Asamoah Gyan
48.8%
Mexico
Luis Hernandez
48%
United States
Landon Donovan
47.2%
Bolivia
Erwin Sanchez
46.5%
Japan
Keisuke Honda/Junichi Inamoto
42.5%
Russia (1994-
present)
Oleg Salenko
33.9%
Costa Rica
Ronald Gomez/Paulo Wanchope
33.1%
Poland
Grzegorz Lato
32.3%
Denmark
Jon Dahl Tomasson
31.5%
Hungary
Sandor Kocsis
29.1%
South Africa
Shaun Bartlett/Benni McCarthy
27.6%
Czech Republic (1998-
Present)
Tomas Rosicky
26%
Colombia
Bernardo Redin/Adolfo Valencia
24.4%
Senegal
Papa Bouba Diop
23.6%
Peru
Teofilo Cubillas
21.3%
Netherlands
Johnny Rep
18.1%
Nigeria
Daniel Amokachi/Emmanuel Amuneke/Kalu Uche
18.1%
Slovakia (1998-
present)
Robert Vittek
18.1%
New Zealand
Winston Reid/Shane Smeltz/Steve Sumner/Steve Wooddin
17.3%
Country
Player
% Correct
Belgium
Marc Wilmots
16.5%
Serbia (2006-
present)
Sasa Ilic/Milan Jovanovic/Marko Pantelic/Nikola Zigic
13.4%
Scotland
Joe Jordan
11.8%
Ecuador
Agustin Delgado
11%
Romania
Florin Raducioiu
10.2%
Saudi Arabia
Sami Al-Jaber
10.2%
Norway
Kjetil Rekdal
9.4%
Korea DPR (North Korea)
Pak Seung-Zin
8.7%
Slovenia
5 Players tied with 1
8.7%
Jamaica
Theodore Whitmore
7.9%
Czechoslovakia (1930-
-
1994)
Oldrich Nejedly
7.1%
Iran
6 Players tied with 1 goal
7.1%
Turkey
Burhan Sargin/Ilhan Mansiz
7.1%
Uruguay
Oscar Miguez
7.1%
Angola
Flavio
6.3%
Greece
Dimitis Salpigidis/Vasilis Torosidis
6.3%
Soviet Union (1930-
1990)
Valentin Ivanov
6.3%
Morocco
Salaheddine Bassir/Abdeljalil Hadda/Abderrazak Khairi
5.5%
Togo
Mohamed Kader
4.7%
Wales
Ivor Allchurch
4.7%
Austria
Erich Probst
3.9%
Haiti
Emmanuel Sanon
3.9%
Northern Ireland
Peter McParland
3.9%
East Germany (1952-
1990)
Joachim Streich
3.1%
Paraguay
Nelson Cuevas
3.1%
Tunisia
8 Players tied with 1 goal
3.1%
Israel
Mordechai Spiegler
2.4%
Switzerland
Josef Hugi
2.4%
Yugoslavia (1930-
2002)
Drazen Jerkkovic
2.4%
Egypt
Abdel Fawzi
1.6%
El Salvador
Luis Ramirez
0.8%
Iraq
Ahmed Radhi
0.8%
Kuwait
Abdullah Al-Buloushi/Faisal Al-Dakhil
0.8%
Algeria
Salah Assad
0%
Cuba
Hector Socorro
0%
Honduras
Antonio Laing/Hector Zelaya
0%
United Arab Emirates
Ali Thani/Khalid Ismail
0%
Quiz Playlist
Details
Report
Send in Message
Add To Playlist
Classic:
Type in answers that appear in a list
Last Updated: Feb 16, 2017
Quiz Scoreboard
CHALLENGE
Sign Up to Join the Scoreboard
Show All
Scores
Hide
Comments
May contain spoilers
Recently Published
Presidents Visiting Landmarks
by Hejman
History
7m
An Introduction to Baseball
by treessimontrees
Sports
5m
Movies - When Are They Set?
by FPL_Elf
Movies
5m
More to Explore
Quiz From the Vault
Featured Blog Post
Where Did the Easter Bunny Come From?
hide this ad
You Might Also Like...
Tags
Country Quiz
Soccer Quiz
World Cup Quiz
All Time
goal
Goal Scorers
Today's Top Quizzes in Sports
Browse Sports
hide this ad
Today's Top Quizzes in Country
Browse Country
Top Contributed Quizzes in Sports
1
Les meilleurs buteurs des matchs entre le PSG et l’OM
2
2022 World Cup Stars
3
FIFA Club World Cup Champions
4
Les entraîneurs de l'OM et du PSG au 21e siècle
5
Name the Premier League winners with different clubs
6
La finale Lions - Afrique du Sud 2021
7
England Test cricketers to play under Nasser Hussain
8
5-to-1: UK Sports Teams
9
Les joueurs passés par le LOSC et le RC Lens
10
Criteria MLB: Left Handed Sluggers
Explore More
Trending Topics
Harry Potter
NBA
Crossword
Marvel
Kpop
Disney
Anime
WWE
Pokémon
Soccer
Country
The Office
Puzzle
NFL
Song
hide this ad
More By:
efrisbee
Quiz
Plays
Rating
Category
Featured
Created
MLB 15+ Strikeouts Since 2000
206
4.80
Sports
Apr 29, 2013
Highest Grossing Concert Tours of All Time
159
4.00
Music
Mar 12, 2015
Top World Cup Goal Scorers by Country
127
5.00
Sports
May 28, 2011
Go to Creator's Profile
Score Distribution
Quiz Creator Spotlight
efrisbee
Follow
Send a Message
Quizzes Created
-
Created Quiz Play Count
-
More By This Creator
Popular Quizzes Today
1
Find the Countries of Europe - No Outlines Minefield
2
Find the US States - No Outlines Minefield
3
The Countries of the World
4
Popular People in 1961
5
Find the US States
6
US States
7
1-10 Letter E Words III
8
Risky Map Clicking: Biggest States A-Z
More Sports Quizzes
2000s Washington Wizards Top Scorers
Quiz Lab
Trending Quizzes
Risky Map Clicking: Least Populous States A-Z
1-10 Letter F Words
1-10 Letter G Words
One Thing in Common: United Kingdom
Risky Map Clicking: Next State Alphabetically
Recently Updated
Leaping Animals
pecheneg
Reality TV Shows (A-Z)
bhenderson79
Rickey Henderson's Hall of Fame Teammates
pecheneg
Champions League XIs: Arsenal
pecheneg
Quick Pick: Celebrities in WWE's Hall of Fame
aduchscher
A-Z Keypad Blitz II
pecheneg
Multiple Oscar Actors
pecheneg
Mystery Phrase Blitz: Oscar 'Best Actors'
pecheneg
F. Scott Fitzgerald Novels
LTH
Pick 3 Villains
ddd62291
Trending Topics
NBA
Crossword
Harry Potter
Marvel
Anime
Kpop
Disney
The Office
Song
Soccer
WWE
Puzzle
Country
NFL
Pokémon
Your Account Isn't Verified!
In order to create a playlist on Sporcle, you need to verify the email address you used during registration. Go to your
Sporcle Settings
to finish the process.
Report this User
Report this user for behavior that violates our
Community Guidelines
.
Details:
Send Report
Go to the Sporcle.com Mobile Site →
Comments